| 000 | 00843nam a22001577a 4500 | ||
|---|---|---|---|
| 003 | OSt | ||
| 005 | 20160615104914.0 | ||
| 008 | 160615b xxu||||| |||| 00| 0 eng d | ||
| 040 | _cRUA | ||
| 082 | _aAGR OUM 2014 B474 Or.1 | ||
| 100 |
_98426 _aOUM SAMNANG; អ៊ុំ សំណាង |
||
| 245 | _aWeed control technigues on sowing by drumseeder of senpidao rice variety at royal university of agriculture, បច្ចេកទេសគ្រប់គ្រងស្មៅលើពូជស្រូវសែនពិដោរព្រោះដោយឧបករណ៍អូសគ្រាប់(drumseeder) នៅស្ថានីយ៍ពីសោធន៍នៃសាកលវិទ្យាល័យភូមិន្ទកសិកម្ម | ||
| 260 |
_aPhnom Penh _bRUA _c2014 |
||
| 300 |
_axi,56p. _bill. _c29cm. |
||
| 942 |
_2ddc _cAGR |
||
| 999 |
_c8071 _d8071 |
||